000 00498nam a2200157Ia 4500
999 _c19483
_d19483
003 OSt
005 20200619145148.0
008 190216s9999||||xx |||||||||||||| ||und||
040 _coclc
082 _a954.02
_bRAY/S
100 _aRaychoudhary, S C
_93016
245 0 _aSocial Cultural And Economic History Of India (Medieval Age) /
_c S C Raychoudhary
260 _bSurjeet Publications,
_c1984.
_aDelhi:
300 _a238p
942 _cBK
_2ddc
_h954.02
_iRAY/S
_k954.02
_mRAY/S